00318nam a2200133Ia 4500008004100000020001500041041001200056082001100068100001400079245003700093260003900130300000800169650000700177221030s9999 xx 000 0 und d a8131713914 aEnglish a105.23 aS. Chavan 0aVisual Basic . Netcby S. Chavan bPearson EdcuationaNew Delhic2009 a576 aIT